UWB RF Front end system / (Record no. 190670)

000 -LEADER
fixed length control field 00928 a2200193 4500
003 - CONTROL NUMBER IDENTIFIER
control field NUST
005 - DATE AND TIME OF LATEST TRANSACTION
control field 20251125123818.0
040 ## - CATALOGING SOURCE
Transcribing agency Nust
082 ## - DEWEY DECIMAL CLASSIFICATION NUMBER
Classification number 621.382,MIR
100 ## - MAIN ENTRY--PERSONAL NAME
Personal name Mirza, Asghar (TE-45/TCC-20)
9 (RLIN) 131496
245 ## - TITLE STATEMENT
Title UWB RF Front end system /
Statement of responsibility, etc. NC Asghar Mirza, NC Usman Tariq , Capt Tariq Mahmood and Capt Mudassir Khan TE-45/TCC-20
260 ## - PUBLICATION, DISTRIBUTION, ETC.
Name of publisher, distributor, etc. Rawalpindi
Place of publication, distribution, etc. MCS (NUST)
Date of publication, distribution, etc. 2012
300 ## - PHYSICAL DESCRIPTION
Extent xii, 52 p.;
505 ## - FORMATTED CONTENTS NOTE
Formatted contents note Project Overview (Page-1), Historical Overview and Fundamentals of Antenna (Page-3), Ultra Wide band Overview (Page-15), Micro Strip Patch Antenna (Page-18), Proposed Design and Simulation Results (Page-24), Wilkinson Power Divider (Page-36), Microwave Bandpass Filters (Page-40), Conclusion and Future Work (Page-50), Bibliography (Page-51).
650 ## - SUBJECT ADDED ENTRY--TOPICAL TERM
Topical term or geographic name entry element UG Project
9 (RLIN) 131132
651 ## - SUBJECT ADDED ENTRY--GEOGRAPHIC NAME
Geographic name TE-45/TCC-20
9 (RLIN) 131497
700 ## - ADDED ENTRY--PERSONAL NAME
Personal name Supervised by Asst Prof Zeeshan Zahid
9 (RLIN) 132059
942 ## - ADDED ENTRY ELEMENTS (KOHA)
Koha item type Project Report
Source of classification or shelving scheme
Holdings
Withdrawn status Lost status Source of classification or shelving scheme Damaged status Not for loan Permanent Location Current Location Shelving location Date acquired Full call number Barcode Date last seen Price effective from Koha item type Public note
          Military College of Signals (MCS) Military College of Signals (MCS) Reference 12/12/2016 621.382,MIR MCSPTC-148 12/08/2016 12/12/2016 Project Report Almirah No. 94, Shelf No. 3
          Military College of Signals (MCS) Military College of Signals (MCS) Reference 12/12/2016 621.382,MIR MCSPTE-207 12/08/2016 12/12/2016 Project Report  
© 2023 Central Library, National University of Sciences and Technology. All Rights Reserved.